000 01013nas a2200253Ia 4500
001 R704/D2379
003 IT-RoPAU
008 151124c99999999xx |||||||||||| ||und||
040 _aIT-RoPAU
040 _cIT-RoPAU
041 _aFRANCESE
100 _aAA.VV.
_gCodice Aut. SPICS: 12000
210 _aSEMIOTIQUE ET BIBLE
222 _aSemiotique Et Bible
245 _aSEMIOTIQUE & BIBLE, N.077-MARZO 1995
_bSemiotique & Bible, N.077-Marzo 1995
250 _a1a ed.
260 _aLYON
_bCADIR
_c1995
501 _bPaulus - SPICS - Società San Paolo EM (non-commercial uses only)
_cCopyright2015
300 _a48 p.
362 _aANNO 020, N.077-MARZO 1995
500 _aSemiotica e Bibbia. Contributi Ai Autori Vari con Analisi del Discorso Religioso nella Bibbia. Progetto di Semantica Interpretativa di Francois Rastier. Lettura Semiotica di Marco 6, 30/44 Sulla Moltiplicazione dei Pani. Breve Percorso del Libro di Gioele
650 _aSEMIOTICA - BIBBIA
_vPUBBLICAZIONE PERIODICA
942 _cCR
999 _c142700
_d142700